[Event "Solingen-ch 2021"]
[Site "Solingen"]
[Date "2021.11.19"]
[Round "1.1"]
[White "Fraenzel, Dr. Marius"]
[Black "Kniest, Oliver"]
[Result "0-1"]
[WhiteElo "1776"]
[BlackElo "2285"]
[Annotator "mariu"]
[PlyCount "72"]
[EventDate "2021.??.??"]
[WhiteTeam "SG Solingen"]
[BlackTeam "SG Solingen"]

{[%evp 0,72,25,26,49,56,69,50,84,13,-1,-1,52,71,49,37,11,8,12,6,10,-6,14,-6,
-15,-35,-40,-25,-15,-45,-18,-32,-18,-45,-33,-41,-85,-58,-75,-125,-126,-122,
-122,-132,-132,-135,-135,-195,-188,-346,-337,-345,-345,-326,-357,-398,-458,
-458,-414,-414,-369,-436,-443,-428,-337,-355,-356,-533,-367,-431,-466,-552,
-586,-560,-578]} 1. e4 c6 2. d4 d5 3. exd5 cxd5 4. c4 Nf6 5. Nc3 g6 6. cxd5
Nxd5 7. Bc4 Nb6 8. Bb3 Bg7 9. Be3 O-O 10. Nge2 Nc6 11. O-O Na5 12. Rc1 Nxb3 13.
axb3 Bf5 14. Ng3 Be6 15. Nge4 Rc8 16. Nc5 Bd5 17. Qe2 Bc6 18. Rfd1 Nd5 19. Nxd5
Qxd5 20. f3 b6 21. Ne4 Qxb3 22. Rc3 Qd5 23. Qf2 f5 24. Rxc6 Qxc6 25. Nc3 f4 26.
Bc1 Qc4 27. Qh4 Bxd4+ 28. Kh1 Bf6 29. Qe1 Rfd8 30. Rxd8+ Rxd8 31. Ne4 Bg7 32.
Bxf4 Bxb2 33. Bg5 Qd5 34. h4 Qd1 35. Qxd1 Rxd1+ 36. Kh2 a5 0-1

[Event "Solingen-ch 2021"]
[Site "Solingen"]
[Date "2021.11.19"]
[Round "1.2"]
[White "Zolfagharian, Kevin"]
[Black "Hahner, Sebastian"]
[Result "1/2-1/2"]
[WhiteElo "2241"]
[BlackElo "1760"]
[PlyCount "99"]
[EventDate "2021.??.??"]
[WhiteTeam "SG Solingen"]
[BlackTeam "SG Solingen"]

{[%evp 0,99,25,25,51,51,33,51,51,-2,21,29,62,40,75,4,4,-22,-2,-6,-6,-9,-3,-41,
13,16,24,4,18,2,-2,-15,28,33,38,48,32,-46,-8,-60,64,51,35,6,64,3,3,3,29,1,1,
-40,-45,-45,83,-3,-36,-30,-33,-176,-176,-177,-177,-177,-195,-206,-147,-118,
-138,-196,-136,-172,-123,-123,-143,-144,-166,-166,-170,-210,-210,-210,-94,-224,
-104,-200,-174,-174,-176,-195,-146,-146,-108,-108,-127,-127,-127,-127,-127,
-190,-111,-136]} 1. e4 c5 2. Nf3 Nc6 3. d4 cxd4 4. Nxd4 Nf6 5. Nc3 e5 6. Ndb5
d6 7. Bg5 a6 8. Na3 b5 9. Nd5 Be7 10. Bxf6 Bxf6 11. c4 b4 12. Nc2 O-O 13. Be2
a5 14. O-O Bg5 15. Qd3 Kh8 16. a3 f5 17. axb4 fxe4 18. Qb3 Be6 19. Nc3 Bd2 20.
Nxe4 Bxb4 21. Rad1 Qe7 22. Nxb4 axb4 23. Rxd6 Nd4 24. Qd3 Ra2 25. Rxd4 exd4 26.
Qxd4 Rd8 27. Qe5 Re8 28. Bd3 Bf7 29. f4 Qa7+ 30. Qc5 Qxc5+ 31. Nxc5 Rxb2 32.
Nd7 Rd2 33. Ne5 Kg8 34. Be4 Rd4 35. Bc6 Rc8 36. Bb5 Be8 37. Ba6 Ra8 38. Bb7 Ra2
39. Nf3 Rxf4 40. Rb1 g5 41. Bd5+ Kh8 42. h3 g4 43. hxg4 Rxg4 44. Ne1 Bg6 45.
Rxb4 Ra1 46. Kf2 Ra2+ 47. Ke3 Ra3+ 48. Kf2 Ra2+ {(=)} 49. Kf3 Rd4 50. Ke3
1/2-1/2

[Event "Solingen-ch 2021"]
[Site "Solingen"]
[Date "2021.11.19"]
[Round "1.3"]
[White "Ipekyilmaz, Tayfun"]
[Black "Volkov, Mykyta"]
[Result "0-1"]
[WhiteElo "1757"]
[BlackElo "2215"]
[PlyCount "118"]
[EventDate "2021.??.??"]
[WhiteTeam "Langenfelder SF"]
[BlackTeam "Elberfelder SG"]

{[%evp 0,81,18,8,47,47,35,27,49,31,48,20,46,43,60,60,35,8,13,-14,-13,-22,-35,
-50,-14,-21,-19,-19,-49,-49,-49,-49,-49,-49,-57,-40,-42,-43,-31,-60,-65,-67,
-58,-114,-67,-66,-41,-97,-89,-124,-123,-118,-75,-111,-103,-161,-100,-150,-101,
-153,-136,-136,-136,-136,-91,-119,-117,-127,-148,-142,-142,-142,-149,-142,-151,
-158,-158,-166,-91,-117,-117,-169,-171,-171]} 1. e4 e6 2. d4 d5 3. Nc3 Nf6 4.
Bg5 Be7 5. e5 Nfd7 6. h4 h6 7. Bxe7 Qxe7 8. Nf3 a6 9. Qd2 c5 10. O-O-O Nc6 11.
dxc5 Nxc5 12. Qf4 O-O 13. g4 f6 14. exf6 Qxf6 15. Qxf6 Rxf6 16. Bg2 Bd7 17. g5
Rf7 18. gxh6 gxh6 19. Rhg1 Kh8 20. Bh1 Raf8 21. Rg3 b5 22. a3 Rf6 23. b4 Nb7
24. Rdg1 Nd6 25. Rg7 R8f7 26. Rxf7 Nxf7 27. Kd2 Nfe5 28. Nxe5 Nxe5 29. Ke2 Rf4
30. Rg3 Rxh4 31. Bg2 Nc6 32. Kd1 Be8 33. Ke1 Nd4 34. Kd2 Nf5 35. Rh3 Kg7 36.
Rxh4 Nxh4 37. Bh3 Kf6 38. Ne2 Ke5 39. Ke3 Nf5+ 40. Kd3 Bg6 41. f4+ Kd6 42. Kd2
e5 43. fxe5+ Kxe5 44. c3 h5 45. Bg2 h4 46. Ng1 Bh5 47. Nh3 Nd6 48. Kc2 Nc4 49.
Kd3 Bg6+ 50. Ke2 Be4 51. Bxe4 dxe4 52. Nf2 Nxa3 53. Nd1 Nc4 54. Nf2 Kf4 55.
Nh3+ Kg3 56. Nf2 e3 57. Ne4+ Kg2 58. Nf6 h3 59. Ng4 h2 0-1

[Event "Solingen-ch 2021"]
[Site "Solingen"]
[Date "2021.11.19"]
[Round "1.4"]
[White "Boos, Markus"]
[Black "Sereda, Yaroslava"]
[Result "1-0"]
[WhiteElo "2169"]
[BlackElo "1711"]
[PlyCount "171"]
[EventDate "2021.??.??"]
[WhiteTeam "Elberfelder SG"]
[BlackTeam "SG Solingen"]

1. d4 Nf6 2. c4 e6 3. g3 d5 4. Bg2 Be7 5. Nf3 O-O 6. O-O Nbd7 7. Nbd2 b6 8. Ne5
Bb7 9. Ndf3 c5 10. cxd5 exd5 11. Bf4 Rc8 12. Bh3 Ra8 13. Qa4 Nxe5 14. Nxe5 Ne4
15. Nc6 Qe8 16. Nxe7+ Qxe7 17. Qa3 Bc8 18. Bg2 Re8 19. dxc5 bxc5 20. Rfd1 Bb7
21. Rac1 d4 22. Bf3 g5 23. Bd2 g4 24. Bxg4 Nxd2 25. Qxc5 Qxc5 26. Rxc5 Ne4 27.
Rc7 Nf6 28. Rxb7 Nxg4 29. Rxd4 Nf6 30. Rf4 Kg7 31. e3 Reb8 32. Rfb4 Rxb7 33.
Rxb7 a5 34. f3 a4 35. e4 Kg6 36. Kf2 a3 37. g4 axb2 38. Rxb2 Nd7 39. h3 Ra3 40.
Kg2 Ne5 41. Rb3 Rxa2+ 42. Kg3 Ra1 43. f4 Nd7 44. Rc3 Nf6 45. Rc6 Kg7 46. e5
Ra3+ 47. Kh4 Nd5 48. Rc4 Ne3 49. Rc7 Ng2+ 50. Kg5 h6+ 51. Kf5 Ra4 52. e6 Rxf4+
53. Ke5 Rf1 54. e7 Re1+ 55. Kd6 Rd1+ 56. Kc6 Rc1+ 57. Kd7 Rd1+ 58. Kc8 Re1 59.
Kd8 Nf4 60. e8=Q Rxe8+ 61. Kxe8 Nxh3 62. Rxf7+ Kg6 63. Rf5 Ng5 64. Ke7 Ne4 65.
Ke6 Ng3 66. Rf3 Ne4 {(=)} 67. Ke5 Ng5 68. Rf6+ Kg7 69. Ra6 Nf3+ 70. Ke4 Nh4 71.
Ke5 Nf3+ 72. Kf4 Nh4 73. Ra5 Ng6+ 74. Ke4 Nh4 75. Rb5 Ng6 76. Rh5 Ne7 77. Re5
Ng6 78. Re6 Nh4 79. Kf4 Ng6+ 80. Kg3 Kf7 81. Rd6 Kg7 82. Rd7+ Kf6 83. Rh7 Kg5
84. Rf7 Nh8 85. Rf8 h5 86. Rxh8 1-0

[Event "Solingen-ch 2021"]
[Site "Solingen"]
[Date "2021.11.19"]
[Round "1.5"]
[White "Skiber, Friedel"]
[Black "Goerke, Joachim"]
[Result "0-1"]
[WhiteElo "1699"]
[BlackElo "2128"]
[PlyCount "54"]
[EventDate "2021.??.??"]
[WhiteTeam "SG Solingen"]
[BlackTeam "SG Solingen"]

1. e4 e6 2. Nc3 c5 3. Bc4 Nc6 4. a3 Nf6 5. d3 d5 6. exd5 exd5 7. Ba2 Be7 8. h3
O-O 9. Nge2 Re8 10. O-O d4 11. Ne4 Nxe4 12. dxe4 Bf6 13. f3 b6 14. Ng3 Ba6 15.
Ne2 d3 16. cxd3 Qxd3 17. Ng3 Rad8 18. Bf4 Bxb2 19. Rb1 Qxa3 20. Qc2 Bd4+ 21.
Kh2 Nb4 22. Rxb4 Qxb4 23. Rc1 Bd3 24. Qd1 Bb2 25. Bd2 Qa3 26. Bd5 c4 27. Qe1
Rxd5 0-1

[Event "Solingen-ch 2021"]
[Site "Solingen"]
[Date "2021.11.19"]
[Round "1.6"]
[White "Rittmann, Dirk"]
[Black "Steinbach, Ulf"]
[Result "1-0"]
[WhiteElo "2125"]
[BlackElo "1654"]
[PlyCount "91"]
[EventDate "2021.??.??"]
[WhiteTeam "SG Solingen"]
[BlackTeam "vereinslos"]

1. e4 d5 2. exd5 Qxd5 3. Nc3 Qd8 4. d4 e6 5. Nf3 Nf6 6. Bc4 c6 7. O-O Be7 8.
Qe2 b5 9. Bd3 b4 10. Ne4 a5 11. c4 Nbd7 12. Ne5 Nxe5 13. dxe5 Nxe4 14. Bxe4 Qc7
15. Qg4 Bf8 16. f4 Ba6 17. b3 Bc5+ 18. Kh1 O-O-O 19. Qf3 Bd4 20. Rb1 Bb7 21.
Be3 Qb6 22. c5 Bxc5 23. Bxc5 Qxc5 24. Rbc1 Qb6 25. Bxc6 Kb8 26. Bxb7 Qxb7 27.
Qxb7+ Kxb7 28. Rc5 Kb6 29. Rfc1 Rd7 30. Rc6+ Kb7 31. R6c2 Rhd8 32. g3 h5 33.
Kg2 Rd2+ 34. Kh3 R8d7 35. Kh4 g6 36. Kg5 Kb6 37. Rxd2 Rxd2 38. Kf6 Rd7 39. Rc8
Rd2 40. Kxf7 Rxa2 41. Kxe6 a4 42. bxa4 Kb7 43. Rc4 Rxa4 44. Kf7 Kb6 45. e6 Kb5
46. Rc8 1-0

[Event "Solingen-ch 2021"]
[Site "Solingen"]
[Date "2021.11.19"]
[Round "1.7"]
[White "Bauer, Matthias"]
[Black "Borchert, Stephan"]
[Result "1/2-1/2"]
[WhiteElo "1620"]
[BlackElo "2074"]
[PlyCount "71"]
[EventDate "2021.??.??"]
[WhiteTeam "SV Guennigfeld"]
[BlackTeam "SG Solingen"]

1. c4 Nf6 2. Nc3 g6 3. b3 Bg7 4. Bb2 c5 5. Nf3 b6 6. g3 Bb7 7. Bg2 O-O 8. O-O
d5 9. Nxd5 Nxd5 10. Bxg7 Kxg7 11. cxd5 Bxd5 12. d4 c4 13. bxc4 Bxc4 14. Ne5 Bd5
15. e4 Bb7 16. d5 Nd7 17. Qd4 Nxe5 18. Qxe5+ f6 19. Qf4 Rc8 20. Rfc1 Qd7 21.
Rxc8 Rxc8 22. Rc1 Qa4 23. h4 Rc2 24. Rxc2 Qxc2 25. Qb8 Bc8 26. Qxa7 Qc5 27. Qb8
Bg4 28. e5 fxe5 29. Qxe5+ Kg8 30. Qe3 Qb4 31. Kh2 Qd6 32. Qf4 Qxf4 33. gxf4 Kf7
34. Kg3 Be2 35. Be4 Kf6 36. f3 1/2-1/2

[Event "Solingen-ch 2021"]
[Site "Solingen"]
[Date "2021.11.19"]
[Round "1.8"]
[White "Fichtner, Ewald"]
[Black "Falk, Thomas"]
[Result "1-0"]
[WhiteElo "2052"]
[BlackElo "1578"]
[PlyCount "51"]
[EventDate "2021.??.??"]
[WhiteTeam "SG Solingen"]
[BlackTeam "Elberfelder SG"]

1. d4 e6 2. Bf4 f5 3. e3 Nf6 4. Nf3 Be7 5. Nbd2 O-O 6. h3 b6 7. Bd3 Bb7 8. Qe2
Be4 9. O-O Bxd3 10. cxd3 d5 11. Ne5 Qe8 12. Rac1 Bd6 13. Bh2 c6 14. Rc2 Bxe5
15. Bxe5 Nfd7 16. Nf3 c5 17. Bd6 Rf6 18. dxc5 bxc5 19. Bxc5 Nxc5 20. Rxc5 Nc6
21. Rfc1 Rc8 22. Ne5 Ne7 23. Rxc8 Nxc8 24. Rc7 Rf8 25. Qc2 a5 26. Nd7 1-0

[Event "Solingen-ch 2021"]
[Site "Solingen"]
[Date "2021.11.19"]
[Round "1.9"]
[White "Scheidtmann, Kian"]
[Black "Werbeck, Torsten"]
[Result "0-1"]
[WhiteElo "1536"]
[BlackElo "2018"]
[PlyCount "62"]
[EventDate "2021.??.??"]
[WhiteTeam "SG Solingen"]
[BlackTeam "Elberfelder SG"]

1. e4 g6 2. d4 Bg7 3. Be3 c5 4. c3 Qb6 5. Qc2 cxd4 6. Bxd4 Bxd4 7. cxd4 Nc6 8.
d5 Nd4 9. Qc3 Nf6 10. f3 d6 11. Ne2 Nxe2 12. Bxe2 Bd7 13. Nd2 Rc8 14. Qb3 Qd4
15. Bb5 O-O 16. Bxd7 Nxd7 17. Ke2 Rc7 18. Rac1 Rfc8 19. Rxc7 Rxc7 20. Rb1 a6
21. Qd3 Qa4 22. Qb3 Qa5 23. a3 b5 24. Qd3 Ne5 25. Qe3 Rc2 26. b4 Qc7 27. Qb3
Rc3 28. Qa2 Qb6 29. Kf1 Qe3 30. Nb3 Qd3+ 31. Kg1 Rc2 0-1

[Event "Solingen-ch 2021"]
[Site "Solingen"]
[Date "2021.11.19"]
[Round "1.10"]
[White "Steinbach, Wolfgang"]
[Black "Vaghef, Mohammad Reza"]
[Result "1-0"]
[WhiteElo "1948"]
[BlackElo "1528"]
[PlyCount "33"]
[EventDate "2021.??.??"]
[WhiteTeam "SG Solingen"]
[BlackTeam "SG Porz"]

1. Nf3 Nf6 2. c4 g6 3. d4 Bg7 4. Nc3 d5 5. cxd5 Nxd5 6. Bd2 Bf5 7. Qb3 Nxc3 8.
Bxc3 Be4 9. e3 Qd5 10. Bc4 Qf5 11. Bxf7+ Kf8 12. Be6 Qh5 13. d5 Bxf3 14. Bxg7+
Kxg7 15. Qc3+ Kh6 16. Qxh8 Bxd5 17. Qf8+ 1-0

[Event "Solingen-ch 2021"]
[Site "Solingen"]
[Date "2021.11.19"]
[Round "1.11"]
[White "Guelcan, Batuhan Ege"]
[Black "Erkay, Ali-Necip"]
[Result "0-1"]
[WhiteElo "1521"]
[BlackElo "1945"]
[PlyCount "120"]
[EventDate "2021.??.??"]
[WhiteTeam "SG Solingen"]
[BlackTeam "SG Solingen"]

1. e4 Nf6 2. Nc3 d5 3. exd5 Nxd5 4. d4 g6 5. Bc4 c6 6. Nf3 Bg7 7. O-O O-O 8.
Re1 Qd6 9. Bg5 e6 10. Bh4 Qb4 11. Bxd5 cxd5 12. Qc1 Nc6 13. a3 Qb6 14. Na4 Qa5
15. Nc3 Nxd4 16. Nxd4 Bxd4 17. Qf4 Bg7 18. Bf6 Bd7 19. Bxg7 Kxg7 20. Qe5+ Kg8
21. Re3 f6 22. Qf4 e5 23. Qh6 d4 24. Rg3 Bf5 25. Ne2 Qc7 26. Qh5 Kh8 27. Qh4
Rac8 28. Rc1 Qc5 29. Kf1 Qb5 30. b3 Rxc2 31. Rxc2 Bxc2 32. Rh3 Qd7 33. f4 d3
34. Nc3 d2 35. f5 d1=Q+ 36. Nxd1 Qxd1+ 37. Kf2 Qd4+ 38. Qxd4 exd4 39. fxg6 Bxg6
40. g3 d3 41. Ke1 Re8+ 42. Kd2 Re2+ 43. Kd1 Ra2 44. Rh4 Rxa3 45. Rb4 b6 46. h4
Ra2 47. g4 d2 48. h5 Bd3 49. Rd4 Bf1 50. Rf4 Bh3 51. h6 Kg8 52. Rd4 Kf7 53. Re4
Kg6 54. Rd4 Kg5 55. Rxd2 Rxd2+ 56. Kxd2 Bxg4 57. b4 a5 58. bxa5 bxa5 59. Kc3 a4
60. Kb4 Bd7 0-1

[Event "Solingen-ch 2021"]
[Site "Solingen"]
[Date "2021.11.19"]
[Round "1.12"]
[White "Vranidis, Athanassios"]
[Black "Atar, Efecan"]
[Result "1/2-1/2"]
[WhiteElo "1928"]
[BlackElo "1453"]
[PlyCount "50"]
[EventDate "2021.??.??"]
[WhiteTeam "SG Solingen"]
[BlackTeam "SK Kerpen"]

1. d4 d5 2. c4 e6 3. Nc3 Nf6 4. Nf3 Be7 5. Bf4 O-O 6. e3 b6 7. Qc2 Bb7 8. Bd3
c5 9. dxc5 Bxc5 10. Rd1 Nc6 11. a3 d4 12. exd4 Nxd4 13. Nxd4 Bxd4 14. O-O Kh8
15. Nb5 e5 16. Nxd4 exf4 17. Bf5 Qc7 18. f3 Rad8 19. Kh1 Rfe8 20. Nb5 Qe5 21.
Rxd8 Rxd8 22. Bh3 a6 23. Nc3 Qe3 24. Rd1 Re8 25. Rg1 Rd8 1/2-1/2

[Event "Solingen-ch 2021"]
[Site "Solingen"]
[Date "2021.11.19"]
[Round "1.13"]
[White "Fodor, Bernhard"]
[Black "Boschek, Dr. Hajo"]
[Result "0-1"]
[WhiteElo "1340"]
[BlackElo "1910"]
[PlyCount "48"]
[EventDate "2021.??.??"]
[WhiteTeam "SG Solingen"]
[BlackTeam "SG Solingen"]

1. f4 d5 2. Nf3 Nf6 3. d3 g6 4. g3 Bg7 5. c3 O-O 6. Bg2 c5 7. O-O Nc6 8. Re1
Re8 9. Nbd2 e5 10. Nf1 exf4 11. Bxf4 Nh5 12. Qd2 d4 13. e3 Nxf4 14. exf4 dxc3
15. bxc3 Bf5 16. Rxe8+ Qxe8 17. Re1 Qd7 18. Ne5 Nxe5 19. fxe5 Rd8 20. Qf4 b6
21. Be4 Bxe4 22. Qxe4 Qxd3 23. Re3 Qxe4 24. Rxe4 Re8 0-1

[Event "Solingen-ch 2021"]
[Site "Solingen"]
[Date "2021.11.25"]
[Round "2.1"]
[White "Kniest, Oliver"]
[Black "Steinbach, Wolfgang"]
[Result "1-0"]
[WhiteElo "2285"]
[BlackElo "1948"]
[PlyCount "67"]
[EventDate "2021.??.??"]
[WhiteTeam "SG Solingen"]
[BlackTeam "SG Solingen"]

1. Nf3 f5 2. d3 Nc6 3. e4 d6 4. Nc3 e5 5. g3 Nf6 6. Bg2 Be7 7. O-O O-O 8. Ne1
Kh8 9. f4 fxe4 10. dxe4 Bg4 11. Qd2 Qc8 12. f5 Bh5 13. h3 Bf7 14. Nd5 Nxd5 15.
exd5 Nb8 16. Nd3 c6 17. dxc6 Nxc6 18. c3 d5 19. g4 e4 20. Nf4 Rd8 21. Qf2 Bf6
22. g5 Bxg5 23. Ng6+ hxg6 24. Bxg5 Qc7 25. Qh4+ Kg8 26. f6 Qe5 27. fxg7 Qxg7
28. Bf6 Qh7 29. Bxd8 Nxd8 30. Qe7 Qg7 31. Rad1 Kh7 32. Bxe4 dxe4 33. Rxd8 Rxd8
34. Rxf7 1-0

[Event "Solingen-ch 2021"]
[Site "Solingen"]
[Date "2021.12.03"]
[Round "2.2"]
[White "Volkov, Mykyta"]
[Black "Erkay, Ali-Necip"]
[Result "1-0"]
[WhiteElo "2215"]
[BlackElo "1945"]
[PlyCount "37"]
[EventDate "2021.??.??"]
[WhiteTeam "Elberfelder SG"]
[BlackTeam "SG Solingen"]

1. d4 Nf6 2. c4 e6 3. Nc3 Bb4 4. Qc2 b6 5. e4 Bb7 6. Bd3 d6 7. Qa4+ Nc6 8. d5
Bxc3+ 9. bxc3 exd5 10. cxd5 Qd7 11. Bb5 O-O 12. dxc6 Qg4 13. cxb7 Rab8 14. Ne2
Qxg2 15. Rg1 Qxh2 16. Bf4 Qh5 17. Qd4 Kh8 18. Bc6 Rbd8 19. Bg5 1-0

[Event "Solingen-ch 2021"]
[Site "Solingen"]
[Date "2021.12.03"]
[Round "2.3"]
[White "Boschek, Dr. Hajo"]
[Black "Boos, Markus"]
[Result "1/2-1/2"]
[WhiteElo "1910"]
[BlackElo "2169"]
[PlyCount "69"]
[EventDate "2021.??.??"]
[WhiteTeam "SG Solingen"]
[BlackTeam "Elberfelder SG"]

1. d4 Nf6 2. c4 c5 3. d5 e6 4. Nc3 exd5 5. cxd5 d6 6. Bf4 g6 7. h3 Bg7 8. Nf3
O-O 9. e3 a6 10. a4 Qe7 11. Nd2 Nbd7 12. Be2 Rb8 13. O-O Ne8 14. a5 Nc7 15.
Nde4 Ne8 16. Nd2 f5 17. Nc4 Ne5 18. Qd2 Nxc4 19. Bxc4 Bd7 20. Rae1 g5 21. Bh2
Qd8 22. f4 g4 23. hxg4 fxg4 24. e4 Qxa5 25. e5 Bf5 26. Bd3 Qd8 27. e6 Bd4+ 28.
Kh1 Rf6 29. Bxf5 Rxf5 30. Qd3 Ng7 31. Ne4 Qc7 32. Ng3 Rf6 33. Ne4 Rf5 34. Ng3
Rf6 35. Ne4 1/2-1/2

[Event "Solingen-ch 2021"]
[Site "Solingen"]
[Date "2021.11.26"]
[Round "2.4"]
[White "Goerke, Joachim"]
[Black "Becker, Carsten"]
[Result "1/2-1/2"]
[WhiteElo "2128"]
[BlackElo "1879"]
[PlyCount "41"]
[EventDate "2021.??.??"]
[WhiteTeam "SG Solingen"]
[BlackTeam "SF Vonkeln"]

1. d4 d5 2. Nf3 Nf6 3. c4 e6 4. Bg5 Be7 5. Nc3 O-O 6. e3 b6 7. cxd5 Nxd5 8.
Bxe7 Qxe7 9. Nxd5 exd5 10. Rc1 Bb7 11. Bd3 c5 12. dxc5 bxc5 13. Qc2 Na6 14.
Bxh7+ Kh8 15. Qf5 g6 16. Bxg6 fxg6 17. Qxg6 d4 18. Qh6+ Kg8 19. Qg6+ Kh8 20.
Qh6+ Kg8 21. Qg6+ 1/2-1/2

[Event "Solingen-ch 2021"]
[Site "Solingen"]
[Date "2021.12.03"]
[Round "2.5"]
[White "Tuerkkan, Nuh"]
[Black "Rittmann, Dirk"]
[Result "1-0"]
[WhiteElo "1787"]
[BlackElo "2125"]
[PlyCount "111"]
[EventDate "2021.??.??"]
[WhiteTeam "Bergische SF"]
[BlackTeam "SG Solingen"]

1. c4 Nf6 2. Nc3 c5 3. Nf3 g6 4. d4 cxd4 5. Nxd4 Nc6 6. e4 d6 7. Be2 Bg7 8. Be3
O-O 9. O-O Bd7 10. Qd2 Nxd4 11. Bxd4 Bc6 12. f3 a5 13. b3 Nd7 14. Be3 Nc5 15.
Rab1 f5 16. exf5 Rxf5 17. a3 a4 18. b4 Nb3 19. Qd3 Rc8 20. b5 Bxc3 21. bxc6 Bg7
22. cxb7 Rb8 23. Rxb3 axb3 24. Qxb3 Qc7 25. Rb1 Ra5 26. Bd3 Rxb7 27. Qxb7 Qxb7
28. Rxb7 Rxa3 29. Bxg6 Rxe3 30. Rb8+ Bf8 31. Bxh7+ Kxh7 32. Rxf8 Kg7 33. Rf4
Rc3 34. h4 Kg6 35. Kh2 e5 36. Re4 Kf6 37. Rg4 Ra3 38. h5 Ra8 39. Rg6+ Ke7 40.
Kh3 Rc8 41. Rg4 Kf6 42. Kh4 Kf7 43. Kg5 Kg7 44. h6+ Kh7 45. Kh5 Kh8 46. Kg6
Rg8+ 47. Kf5 Rc8 48. Ke6 Rc6 49. Kd5 Ra6 50. Rg7 Ra5+ 51. Kxd6 e4 52. fxe4 Rd5+
53. Ke6 Rd6+ 54. Ke7 Rd7+ 55. Kf6 Rd6+ 56. Kg5 1-0

[Event "Solingen-ch 2021"]
[Site "Solingen"]
[Date "2021.12.03"]
[Round "2.7"]
[White "Werbeck, Torsten"]
[Black "Helfer, Bernd"]
[Result "0-1"]
[WhiteElo "2018"]
[BlackElo "1854"]
[PlyCount "42"]
[EventDate "2021.??.??"]
[WhiteTeam "Elberfelder SG"]
[BlackTeam "SC Erkrath"]

1. d4 Nf6 2. Nf3 e6 3. c4 b6 4. g3 Bb4+ 5. Bd2 Be7 6. Bg2 Bb7 7. Nc3 O-O 8. Qc2
c5 9. d5 exd5 10. Nh4 Nc6 11. Nxd5 Nd4 12. Qd3 Nxd5 13. cxd5 Bxh4 14. gxh4 Re8
15. e3 a5 16. Bc3 Ba6 17. Qd2 Qxh4 18. O-O-O Ne2+ 19. Kc2 Qxf2 20. Bh3 Rxe3 21.
Rdf1 Nd4+ 0-1

[Event "Solingen-ch 2021"]
[Site "Solingen"]
[Date "2021.12.03"]
[Round "2.8"]
[White "Atar, Efecan"]
[Black "Zolfagharian, Kevin"]
[Result "0-1"]
[WhiteElo "1453"]
[BlackElo "2241"]
[PlyCount "52"]
[EventDate "2021.??.??"]
[WhiteTeam "SK Kerpen"]
[BlackTeam "SG Solingen"]

1. c4 e5 2. g3 f5 3. Bg2 Nf6 4. Nc3 Bb4 5. d3 c6 6. e3 d5 7. cxd5 cxd5 8. Nge2
Nc6 9. d4 e4 10. Bd2 O-O 11. O-O Be6 12. a3 Bd6 13. b4 g5 14. Na4 Qe8 15. Nc5
Bxc5 16. bxc5 Rd8 17. Rb1 Rd7 18. Nc3 f4 19. Nb5 f3 20. Nd6 Rxd6 21. cxd6 fxg2
22. Kxg2 Bg4 23. Qc1 Bf3+ 24. Kg1 Qd7 25. h3 Qxh3 26. Rxb7 Qh1# 0-1

[Event "Solingen-ch 2021"]
[Site "Solingen"]
[Date "2021.12.03"]
[Round "2.11"]
[White "Scheidtmann, Kian"]
[Black "Hamburger, Raul"]
[Result "0-1"]
[WhiteElo "1536"]
[BlackElo "1899"]
[PlyCount "62"]
[EventDate "2021.??.??"]
[WhiteTeam "SG Solingen"]
[BlackTeam "SV Hilden"]

{[%evp 0,62,26,19,55,55,100,82,88,37,53,60,98,62,55,46,53,27,18,24,24,-29,-4,
-19,9,5,47,-92,-89,-89,-89,-238,-238,-385,-165,-339,-339,-339,-339,-339,-331,
-435,-218,-252,-285,-322,-61,-248,-271,-456,-349,-473,-473,-473,-473,-486,-486,
-524,-532,-536,-508,-497,-525,-525,-533]} 1. e4 c5 2. Nf3 d6 3. d4 cxd4 4. Nxd4
Nf6 5. Nc3 g6 6. Bg5 Bg7 7. Be2 O-O 8. Qd2 Bd7 9. O-O-O Nc6 10. Nb3 Rc8 11. Kb1
a5 12. f4 Nb4 13. a3 Nxe4 14. Nxe4 Rxc2 15. Qxc2 Nxc2 16. Kxc2 Ba4 17. Rd3 Qb6
18. Ned2 Bxb3+ 19. Rxb3 Rc8+ 20. Kd1 Bxb2 21. Bc4 Qd4 22. Rd3 Qg7 23. Bxe7 Bc3
24. Bd5 Bxd2 25. Kxd2 Qb2+ 26. Ke3 Re8 27. Rhd1 Rxe7+ 28. Kf3 Qe2+ 29. Kg3 Re3+
30. Rxe3 Qxe3+ 31. Bf3 Qxa3 0-1

[Event "Solingen-ch 2021"]
[Site "Solingen"]
[Date "2021.12.03"]
[Round "2.12"]
[White "Vaghef, Mohammad Reza"]
[Black "Fraenzel, Dr. Marius"]
[Result "1-0"]
[WhiteElo "1528"]
[BlackElo "1776"]
[PlyCount "54"]
[EventDate "2021.??.??"]
[WhiteTeam "SG Porz"]
[BlackTeam "SG Solingen"]

1. c4 e5 2. Nc3 Nf6 3. g3 c6 4. d4 exd4 5. Qxd4 Na6 6. Bg5 Be7 7. Nf3 h6 8.
Bxf6 Bxf6 9. Qf4 O-O 10. Ne4 Bxb2 11. Rb1 Ba3 12. Bh3 Qa5+ 13. Kf1 d5 14. Nf6+
Kh8 15. Bxc8 Raxc8 16. Qf5 g6 17. Qe5 Qc7 18. Rxb7 Qxe5 19. Nxe5 Rc7 20. Rxc7
Nxc7 21. cxd5 {(=)} Kg7 22. Nfd7 Rc8 23. dxc6 Ne6 24. Kg2 Nd4 25. Rd1 Nxc6 26.
Nxc6 Rxc6 27. Ne5 {(=)} Bd6 1-0

[Event "Solingen-ch 2021"]
[Site "Solingen"]
[Date "2021.12.03"]
[Round "2.14"]
[White "Sereda, Yaroslava"]
[Black "Guelcan, Batuhan Ege"]
[Result "1/2-1/2"]
[WhiteElo "1711"]
[BlackElo "1521"]
[PlyCount "100"]
[EventDate "2021.??.??"]
[WhiteTeam "SG Solingen"]
[BlackTeam "SG Solingen"]

1. e4 e5 2. Nf3 Nc6 3. Bb5 d6 4. c3 a6 5. Ba4 b5 6. Bb3 Bg4 7. d3 h6 8. O-O Nf6
9. Nbd2 Be7 10. Re1 O-O 11. Nf1 Na5 12. Bc2 Nc6 13. Ne3 Bh5 14. Nf5 Nh7 15. Ng3
Bxf3 16. Qxf3 Ng5 17. Qg4 Qc8 18. Nf5 Bf6 19. h4 Ne6 20. Bxh6 Kh7 21. Bd2 Rh8
22. Bb3 Kg8 23. Bd5 Qd7 24. Bh6 Rh7 25. h5 Kf8 26. Bd2 Ned8 27. Bg5 Bxg5 28.
Qxg5 Ne6 29. Bxe6 Qxe6 30. Re3 Ne7 31. Nxe7 Qxe7 32. Qxe7+ Kxe7 33. g4 Rah8 34.
Kg2 g6 {(=)} 35. hxg6 fxg6 36. Kf3 Rh4 37. Rg1 g5 38. Ke2 Rf8 39. Rf3 Rf4 40.
Rxf4 exf4 41. d4 Ke6 42. Kf3 c6 43. Ke2 a5 44. Kd3 Rh2 45. Ke2 Rh3 46. Kd2 c5
47. Ke2 c4 48. Kd2 a4 49. a3 Kf6 50. Ke2 Ke6 1/2-1/2

[Event "Solingen-ch 2021"]
[Site "Solingen"]
[Date "2021.12.03"]
[Round "2.16"]
[White "Steinbach, Ulf"]
[Black "Fodor, Bernhard"]
[Result "1-0"]
[WhiteElo "1654"]
[BlackElo "1340"]
[PlyCount "37"]
[EventDate "2021.??.??"]
[WhiteTeam "vereinslos"]
[BlackTeam "SG Solingen"]

1. e4 e5 2. Nf3 Nc6 3. Bb5 d6 4. d4 Bd7 5. c3 a6 6. Bc4 Na5 7. Bd3 Bg4 8. Qa4+
c6 9. b4 b5 10. Qxa5 Bxf3 11. Qxd8+ Rxd8 12. gxf3 Ne7 13. Be3 Ng6 14. Rg1 c5
15. d5 Rg8 16. a4 c4 17. Bc2 Rb8 18. axb5 axb5 19. Ra5 1-0

[Event "Solingen-ch 2021"]
[Site "Solingen"]
[Date "2021.12.17"]
[Round "3.1"]
[White "Kniest, Oliver"]
[Black "Fichtner, Ewald"]
[Result "1/2-1/2"]
[WhiteElo "2285"]
[BlackElo "2052"]
[PlyCount "46"]
[EventDate "2021.??.??"]
[WhiteTeam "SG Solingen"]
[BlackTeam "SG Solingen"]

1. c4 c6 2. e4 d5 3. exd5 cxd5 4. d4 Nf6 5. Nc3 Nc6 6. Bg5 dxc4 7. Bxc4 a6 8.
Nf3 b5 9. Bb3 b4 10. Ne2 e6 11. Rc1 Na5 12. Ba4+ Bd7 13. Bxd7+ Qxd7 14. Ne5 Qb7
15. O-O Be7 16. Nf4 O-O 17. Bxf6 Bxf6 18. Nh5 Be7 19. Qg4 g6 20. Qg3 Rac8 21.
Nf4 Qe4 22. Qe3 Qb7 23. Rfe1 Bf6 1/2-1/2

[Event "Solingen-ch 2021"]
[Site "Solingen"]
[Date "2021.12.17"]
[Round "3.2"]
[White "Helfer, Bernd"]
[Black "Volkov, Mykyta"]
[Result "0-1"]
[WhiteElo "1854"]
[BlackElo "2215"]
[PlyCount "52"]
[EventDate "2021.??.??"]
[WhiteTeam "SC Erkrath"]
[BlackTeam "Elberfelder SG"]

1. Nf3 Nf6 2. g3 d5 3. Bg2 e6 4. c4 Be7 5. O-O O-O 6. cxd5 exd5 7. d4 c6 8. Nc3
Bf5 9. Nh4 Be6 10. Re1 Ne4 11. Nf3 Nd7 12. Nd2 Nd6 13. Nb3 a5 14. Na4 Bf5 15.
Nbc5 Nf6 16. f3 Ra7 17. e4 dxe4 18. fxe4 Bg4 19. Bf3 Bxf3 20. Qxf3 Nb5 21. Be3
Nxd4 22. Qg2 Ng4 23. Rad1 Nxe3 24. Rxe3 b5 25. Nb3 bxa4 26. Rxd4 Qb6 0-1